1637 1992 1387 1311 1373 1470 1377 1130 1316 1630 1764 1225 1334 1553 1469 1205 1644 1825 1599 1277 1646 1156 1785 1698 1136 1414 1257 1497 1181 1463 1456 1755 1865 1130 1715 1435 1156 1383 1880 1042 1408 1918 1095 1255 1463 1926 1387 1018 1260 1716 1558 1335 1743 1656 1798 1640 1155 1871 1971 1527 1845 1353 1133 1483 1522 1368 1350 1795 1421 1716 1149 1425 1913 1555 1422 1317 1535 1498 1043 1062 1180 1646 1134 1623 1893 1775 1695 1346 1496 1490 1985 1184 1479 1187 1663 1088 1681 1373 1176 BCNSPRNW ULIB Ver.6.0+V

เปลี่ยนเป็นภาษาไทย

Change to English
 แสดงรายละเอียดบรรณานุกรม
  กลับหน้าหลัก

Brief Record : Get Marc (ISO 2709) : E-mail record : QR code < ปิดหน้าต่าง
LEADER : 00000nam 2200000uu 4500
001    13399123556
003     ULIB
008    141008s2556 th a 000 0 tha d
020    9786163353061
060  4 WC505^bป418ร
100    ประเสริฐ ทองเจริญ
245    ระบาดบันลือโลก 21 : โคโรน่าไวรัส /^cประเสริฐ ทองเจริญ
250    พิมพ์ครั้งที่ 1
260    กรุงเทพฯ :^bอักษรสมัย(๑๙๙๙),^c2556
300    174หน้า;^b18.5 ซม.
650    โคโรน่าไวรัส
650    โรคซาร์ส
945    ^p160^l0^i21136
945    ^p160^l0^i21137
945    ^p160^l0^i21138
945    ^p160^l0^i21139
945    ^p160^l0^i21140
999    ^aทศพร เกษรทอง
รายการนี้ยังไม่มีแท็ก
คุณยังไม่ได้ล็อกอิน คุณสามารถมีกิจกรรมร่วมกับเว็บไซต์ได้ แต่ต้องล็อกอินก่อน ::
  ล็อกอิน

รายการสื่อสารสนเทศ

ลำดับที่ ประเภท เลขเรียก/บาร์โค้ด สถานที่ สถานะ
1. วิทยาศาสตร์การแพทย์ และสุขภาพ
วิทยาศาสตร์การแพทย์ และสุขภาพ
สถานะ=หนังสือเก่า
WC505 ป418ร ฉ.1 
  Barcode: 21136
ห้องสมุดวิทยาเขตนครสวรรค์
►ส่วนจัดเก็บหนังสือเก่า นว.
บนชั้น
  ขอยืม
2. วิทยาศาสตร์การแพทย์ และสุขภาพ
วิทยาศาสตร์การแพทย์ และสุขภาพ
สถานะ=หนังสือเก่า
WC505 ป418ร ฉ.2 
  Barcode: 21137
ห้องสมุดวิทยาเขตนครสวรรค์
►ส่วนจัดเก็บหนังสือเก่า นว.
บนชั้น
  ขอยืม
3. วิทยาศาสตร์การแพทย์ และสุขภาพ
วิทยาศาสตร์การแพทย์ และสุขภาพ
สถานะ=หนังสือเก่า
WC505 ป418ร ฉ.3 
  Barcode: 21138
ห้องสมุดวิทยาเขตนครสวรรค์
►ส่วนจัดเก็บหนังสือเก่า นว.
บนชั้น
  ขอยืม
4. วิทยาศาสตร์การแพทย์ และสุขภาพ
วิทยาศาสตร์การแพทย์ และสุขภาพ
สถานะ=หนังสือเก่า
WC505 ป418ร ฉ.4 
  Barcode: 21139
ห้องสมุดวิทยาเขตนครสวรรค์
►ส่วนจัดเก็บหนังสือเก่า นว.
บนชั้น
  ขอยืม
5. วิทยาศาสตร์การแพทย์ และสุขภาพ
วิทยาศาสตร์การแพทย์ และสุขภาพ
สถานะ=หนังสือเก่า
WC505 ป418ร ฉ.5 
  Barcode: 21140
ห้องสมุดวิทยาเขตนครสวรรค์
►ส่วนจัดเก็บหนังสือเก่า นว.
บนชั้น
  ขอยืม

รายการใกล้เคียง
    ผู้แต่ง [ประเสริฐ ทองเจริญ]

    หัวเรื่อง [โคโรน่าไวรัส]
    หัวเรื่อง [โรคซาร์ส]

BibComment


ยังไม่เคยถูกคอมเมนท์

คอมเมนท์ทรัพยากรรายการนี้
  คอมเมนท์: ระบาดบันลือโลก 21..


 Copyright 2026. Bcnsprnw @Library